British Sports Stars By Surname - The Letter M (Photo Quiz) - Statistics

General Stats
  • This quiz has been taken 51 times
  • The average score is 8 of 20
Answer Stats
Picture Hint Answer % Correct
Born 1987 Andy Murray
91%
Born 1953 Motor Racing Nigel Mansell
76%
1941-1993 Football Bobby Moore
72%
Born 1989 Golf Rory McIlroy
65%
Born 1963 Golf Colin Montgomerie
59%
Born 1961 Boxing Barry McGuigan
50%
1915-2000 Football Stanley Matthews
46%
Born 1995 Football Beth Mead
43%
1968-2007 Colin McCrae
41%
Born 1993 Athletics Laura Muir
39%
Born 1964 Athletics Liz McColgan
39%
Born 1974 Horse Racing Tony McCoy
39%
Born 1963 Cricket Devon Malcolm
37%
1929-2020 Motor Racing Stirling Moss
30%
Born 1953 Athletics David Moorcroft
28%
Born 1964 Swimming Adrian Moorhouse
20%
1930-2013 Rugby Union Cliff Morgan
17%
Born 1952 Cricket Geoff Miller
13%
Born 1963 Athletics Tom McKean
9%
1919-1965 Boxing Freddie Mills
7%
No matching quizzes found
Score Distribution
Percent of People with Each Score
Percentile by Number Answered
Your Score History
You have not taken this quiz